| 000 | 01485nam a22003137a 4500 | ||
|---|---|---|---|
| 001 | TZ 0036 | ||
| 003 | gtcocun | ||
| 005 | 20251007182744.0 | ||
| 006 | a||||gr|||| 00| 0 | ||
| 007 | ta | ||
| 008 | 251007b2009 gt ||||| m||| 00| 0 eng d | ||
| 040 |
_agtcocun _bSPA _cgtcocun _eRDA |
||
| 041 | _aSPA TZ 0036 | ||
| 084 | _0TZ 0036 | ||
| 100 |
_aGatica López, María Elena _eAutor |
||
| 245 |
_aINFORME FINAL DEL EJERCICIO PROFESIONAL SUPERVISADO REALIZADO EN LA ORGANIZACIÓN MERCY CORPS CON SEDE EN EL MUNICIPIO DE SAN MIGUEL TUCURÚ, ALTA VERAPAZ./ _cMaría Elena Gatica López. _hImpreso |
||
| 264 |
_aCobán, Alta Verapaz: _bUniversidad de San Carlos de Guatemala, Centro Universitario del Norte, |
||
| 300 |
_a87 p.: _bIlustraciones, gráficas. _c28 cm; |
||
| 336 |
_2rdacontenido _aTexto _btxt |
||
| 337 |
_2rdamedio _aComputadora _bn |
||
| 338 |
_2rdasoporte _aCódigo en línea _bcr |
||
| 502 | _eTZ 0036 | ||
| 502 |
_aTesis de grado _bZootecnia, _cUniversidad de San Carlos de Guatemala, Centro Universitario del Norte, Zootecnia _d2009 _oTZ 0036 |
||
| 650 | 1 | 4 |
_2LEMB _aSan Miguel Tucurú, Alta Verapaz. _xZootecnia _xMercy Corps _xMicro créditos _xSolidarios _xAvícola _xPorcina _xActividades productivas |
| 700 |
_aLic. Zoot. Julio Antonio Estrada Osorio _eAsesor |
||
| 856 |
_uhttps://drive.google.com/file/d/1t_nSfoUDUetJgZbkZ_DhXqELE_JAVK6r/view _yPDF _zUn ejemplar en línea. |
||
| 942 |
_2ddc _cTES _iTZ 0036 _kClasificación _n0 _6TZ_0036_000000000000000 |
||
| 999 |
_c2276 _d2276 |
||